Communication Technologies for Vehicles 8th International Workshop, Nets4Cars/Nets4Trains/Nets4Aircraft 2015, Sousse, Tunisia, May 6-8, 2015. Proceedings /

This book constitutes the proceedings of the 8th International Workshop on Communication Technologies for Vehicles, Nets4Cars/Nets4Trains/Nets4Aircraft 2015, held in Sousse, Tunisia, in May 2015. The 20 papers presented in this volume were carefully reviewed and selected from 27 submissions. The con...

Full description

Bibliographic Details
Corporate Author: SpringerLink (Online service)
Other Authors: Kassab, Mohamed (Editor), Berbineau, Marion (Editor), Vinel, Alexey (Editor), Jonsson, Magnus (Editor), Garcia, Fabien (Editor), Soler, José (Editor)
Format: Electronic eBook
Language:English
Published: Cham : Springer International Publishing : Imprint: Springer, 2015.
Series:Lecture Notes in Computer Science, 9066
Subjects:
Online Access:Full Text via HEAL-Link
LEADER 02521nam a22005535i 4500
001 978-3-319-17765-6
003 DE-He213
005 20151204190917.0
007 cr nn 008mamaa
008 150427s2015 gw | s |||| 0|eng d
020 |a 9783319177656  |9 978-3-319-17765-6 
024 7 |a 10.1007/978-3-319-17765-6  |2 doi 
040 |d GrThAP 
050 4 |a TK5105.5-5105.9 
072 7 |a UKN  |2 bicssc 
072 7 |a COM075000  |2 bisacsh 
082 0 4 |a 004.6  |2 23 
245 1 0 |a Communication Technologies for Vehicles  |h [electronic resource] :  |b 8th International Workshop, Nets4Cars/Nets4Trains/Nets4Aircraft 2015, Sousse, Tunisia, May 6-8, 2015. Proceedings /  |c edited by Mohamed Kassab, Marion Berbineau, Alexey Vinel, Magnus Jonsson, Fabien Garcia, José Soler. 
264 1 |a Cham :  |b Springer International Publishing :  |b Imprint: Springer,  |c 2015. 
300 |a XII, 241 p. 45 illus.  |b online resource. 
336 |a text  |b txt  |2 rdacontent 
337 |a computer  |b c  |2 rdamedia 
338 |a online resource  |b cr  |2 rdacarrier 
347 |a text file  |b PDF  |2 rda 
490 1 |a Lecture Notes in Computer Science,  |x 0302-9743 ;  |v 9066 
505 0 |a Road -- Rail -- Air. 
520 |a This book constitutes the proceedings of the 8th International Workshop on Communication Technologies for Vehicles, Nets4Cars/Nets4Trains/Nets4Aircraft 2015, held in Sousse, Tunisia, in May 2015. The 20 papers presented in this volume were carefully reviewed and selected from 27 submissions. The contributions are organized in topical sections named: road; rail; and air. 
650 0 |a Computer science. 
650 0 |a Computer communication systems. 
650 0 |a Special purpose computers. 
650 0 |a Computer system failures. 
650 1 4 |a Computer Science. 
650 2 4 |a Computer Communication Networks. 
650 2 4 |a Special Purpose and Application-Based Systems. 
650 2 4 |a System Performance and Evaluation. 
700 1 |a Kassab, Mohamed.  |e editor. 
700 1 |a Berbineau, Marion.  |e editor. 
700 1 |a Vinel, Alexey.  |e editor. 
700 1 |a Jonsson, Magnus.  |e editor. 
700 1 |a Garcia, Fabien.  |e editor. 
700 1 |a Soler, José.  |e editor. 
710 2 |a SpringerLink (Online service) 
773 0 |t Springer eBooks 
776 0 8 |i Printed edition:  |z 9783319177649 
830 0 |a Lecture Notes in Computer Science,  |x 0302-9743 ;  |v 9066 
856 4 0 |u http://dx.doi.org/10.1007/978-3-319-17765-6  |z Full Text via HEAL-Link 
912 |a ZDB-2-SCS 
912 |a ZDB-2-LNC 
950 |a Computer Science (Springer-11645)